00423 2200157 4500001002100000008004100021035002000062245006600082100001500148260002500163300002200188020002200210084001300232082000800245990001200253INLIS000000000002756 IND  a0010-0925000103 aDaripada Mengeluh Gelap Lebih Baik Nyalakan LilincA. Carraro aA. Carraro aJakartabZettuc2013 a388c(13 x 19 cm) a978-602-7735-75-0 a813 A. d a813 a0754978